Science Quiz

Random Science or Elements Quiz
Score 0/25 Timer 08:00
2 Plays Today
Question Answer Wrong Answers
Argon, radon and helium are all ____. noble gases
85.8%
lanthanoids
1.5%
alkali metals
2.5%
group 3 elements
2.5%
Which of the following has a positive charge? proton
83.8%
anion
2.5%
electron
4.6%
neutron
1.5%
Which of the following name/symbol combinations of elements is WRONG? iron/I
81.7%
helium/He
1.4%
uranium/U
2.7%
antimony/Sb
6.3%
Which one of these contains the most atoms? 1 mol of CH3COCH3
77.5%
1 mol of CO2
3.4%
1 mol of NH3
5.9%
1 mol of H2O
5.4%
Which polymers occur naturally? starch and cellulose
76.3%
starch and nylon
4.7%
protein and nylon
7%
protein and plastic
4%
A neutron has approximately the same mass as ____. a proton
71.9%
an alpha particle
6.3%
a beta particle
5%
an electron
9.2%
Which element listed has the largest atomic radius? Rb
66.1%
Li
8.2%
Ne
9.6%
Na
8.2%
What Kelvin temperature is equal to 25°C? 298 K
60.2%
248 K
13.3%
200 K
7%
100 K
11.7%
Which element can be found in nature in a free (uncombined) state? Au
58.7%
Ca
15.9%
Ba
6%
Al
11.5%
The limiting reagent in a chemical reaction is one that ___. is consumed completely
58.5%
has the smallest coefficient
14.4%
has the smallest molar mass
11.2%
is in excess
7.5%
What is the mass number of an atom which contains 28 protons, 28 electrons and 34 neutrons? 62
58%
56
15%
28
12.1%
90
7.2%
The products of the fermentation of sugar are ethanol and ____. carbon dioxide
57.6%
water
18%
oxygen
8.4%
sulfur dioxide
8.1%
What is the name of the compound with molecular formula C6H6? benzene
56.7%
butane
23.3%
butene
7.4%
butyne
4.8%
The temperature levels in a nuclear reactor are maintained primarily by ____. coolants
55.3%
shielding
7%
moderators
15%
heaters
14.7%
For a gas, which pair of variables are inversely proportional to each other (all other conditions remaining constant)? P, V
53.3%
P, T
17%
n, V
10.9%
n, P
10.4%
Which metal is obtained commercially by the electrolysis of a salt? K
52.3%
Zn
18.7%
Fe
11.7%
Ag
9.2%
Which molecule has a linear arrangement of all component atoms? CO2
50.9%
CH4
16.2%
H2O
16.9%
NH3
7.9%
Arrhenius defined an acid as ____. a source of H+ ions in water
46.2%
a proton acceptor
11%
a source of OH- ions in water
12.3%
a proton donor
22.4%
Which halogens are gases at room temperature? Cl and F
45.6%
F and Br
6.6%
Cl and Br
11.3%
He and Br
28.7%
Which of the following is classified as a metal? V
45.2%
As
15.6%
Ge
20.5%
At
11%
Follow this series: Sc, Ti, V... Cr, Mn
39.8%
Cr, Fe
16.1%
Mn, Cr
19.3%
Mn, Fe
16.6%
What alkaline earth metal is located in period 3? Mg
37.8%
Na
16.7%
Li
15.5%
Ca
22.2%
When a catalyst is added to a system at equilibrium, the system will ____. stay at equilibrium
33.6%
move quickly to make more products
37.6%
move quickly to make more reactants
16.5%
slow down
4.2%
Which of these names for elements was not approved by the IUPAC (the International Union for Pure and Applied Chemistry) in 2016? Livermorium
33.3%
Moscovium
17.8%
Tennessine
21.1%
Oganesson
19.5%
Which of these elements are found on Earth in large naturally-occurring amounts rather than in man-made forms? gadolinium
30.8%
rutherfordium
21.6%
promethium
21.8%
technetium
17.4%
Remove Ads.
Support Sporcle.
Get the best of Sporcle when you Go Orange. This ad-free experience offers more features, more stats, and more fun while also helping to support Sporcle. Thank you for becoming a member.

You're not logged in!

Compare scores with friends on all Sporcle quizzes.
OR
Log In

Show Comments

Extras

Top Quizzes Today


Score Distribution

Your Account Isn't Verified!

In order to create a playlist on Sporcle, you need to verify the email address you used during registration. Go to your Sporcle Settings to finish the process.

Report this User

Report this user for behavior that violates our Community Guidelines.

Details: